A concise guide to clinical trials / (رقم التسجيلة. 22076)

تفاصيل مارك
000 -الفاتح
حقل البيانات ثابتة الطول 01195cam a22003617a 4500
001 - رقم الضبط
رقم الضبط 16497598
003 - محدد رقم الضبط
رقم الضبط OSt
005 - وقت وتاريخ اخر تعامل مع التسجيلة
رقم الضبط 20150408114021.0
008 - عناصر البيانات ثابتة الطول - معلومات عامة
حقل البيانات ثابتة الطول 101012s2009 enka b 001 0 eng
010 ## - رقم ضبط مكتبة الكونجرس
رقم ضبط مكتبة الكونجرس 2010484144
015 ## - رقم الببليوجرافية الوطنية
رقم الببليوجرافية الوطنية GBA906495
المصدر bnb
015 ## - رقم الببليوجرافية الوطنية
رقم الببليوجرافية الوطنية 014-88386
المصدر bnb
015 ## - رقم الببليوجرافية الوطنية
رقم الببليوجرافية الوطنية GBA-90649
المصدر bnb
016 7# - رقم ضبط الوكاله الوطنية للضبط الببليوجرافي
رقم ضبط التسجيلة 101506661
المصدر DNLM
016 7# - رقم ضبط الوكاله الوطنية للضبط الببليوجرافي
رقم ضبط التسجيلة 014883868
المصدر Uk
020 ## - الرقم الدولى المعيارى للكتب
الرقم الدولى المعيارى للكتاب 9781405167741 (pbk.)
020 ## - الرقم الدولى المعيارى للكتب
الرقم الدولى المعيارى للكتاب 1405167742 (pbk.)
035 ## - رقم ضبط النظام
رقم ضبط النظام (OCoLC)ocn295561759
040 ## - مصدر الفهرسة
وكالة الفهرسة الأصلية NLM
وكالة النسخ NLM
وكالة التعديل UKM
-- YDXCP
-- BTCTA
-- BWKUK
-- CDX
-- GBVCP
-- DLC
042 ## - رمز التحقق
رمز التحقق nlmcopyc
-- lccopycat
050 00 - رقم طلب مكتبة الكونجرس
رقم التصنيف RM301.27
رقم المادة .H33 2009
060 00 - رقم الطلب بالمكتبة الطبية الوطنية
رقم التصنيف 2009 F-694
082 04 - رقم تصنيف ديوى العشرى
رقم التصنيف 615.50724
رقم الطبعة 22
100 1# - المدخل الرئيسى - إسم شخصى
الإسم الشخصى Hackshaw, Allan K.
9 (RLIN) 14316
245 12 - بيان العنوان
العنوان A concise guide to clinical trials /
بيان المسئوليه,etc Allan Hackshaw.
260 ## - PUBLICATION, DISTRIBUTION, ETC. (IMPRINT)
مكان الناشر او الموزع Chichester, UK ;
-- Hoboken, NJ :
اسم الناشر او الموزع Wiley-Blackwell,
تاريخ النشر أو التوزيع 2009.
300 ## - الوصف المادى
التعداد vii, 215 p. :
تفاصيل ماديه اخرى للوعاء ill. ;
أبعاد الوعاء 23 cm.
504 ## - تبصرة ببليوجرافية
تبصرة ببليوجرافية,الخ Includes bibliographical references and index.
650 #0 - المدخل الاضافى بالموضوع-مصطلح موضوعى
مصطلح موضوعي أو اسم جغرافي كعنصر مدخل Clinical trials
التقسيم الفرعي الشكلي Handbooks, manuals, etc.
9 (RLIN) 14317
650 12 - المدخل الاضافى بالموضوع-مصطلح موضوعى
مصطلح موضوعي أو اسم جغرافي كعنصر مدخل Clinical Trials as Topic.
9 (RLIN) 14318
942 ## - عناصر المدخل الإضافي( كوها)
مصدر التصنيف او مخطط الترفيف Dewey Decimal Classification
Koha [default] item type كتاب
المقتنيات
حالة الفقد نموذج السعر الفعال حالة تلف ليس للاعارة رقم الطلب تاريخ الاكتساب الموقع الحالي الباركود الفرع الرئيسي Date last seen نوع المادة فى نظام كوها مصدر التصنيف او خطة الترفيف Total Checkouts
  2013-03-10     615.50724 H A C 2012-05-19 مكتبة كلية العلوم الطبية التطبيقية بالمجمعة - طالبات (AMF) 00086877 مكتبة كلية العلوم الطبية التطبيقية بالمجمعة - طالبات (AMF) 2013-03-10 كتاب Dewey Decimal Classification  
  2013-03-10     615.50724 H A C 2012-05-19 مكتبة كلية العلوم الطبية التطبيقية بالمجمعة - طالبات (AMF) 00086878 مكتبة كلية العلوم الطبية التطبيقية بالمجمعة - طالبات (AMF) 2013-03-10 كتاب Dewey Decimal Classification  
  2013-03-10     615.50724 H A C 2012-05-19 مكتبة كلية العلوم الطبية التطبيقية بالمجمعة - طالبات (AMF) 00086879 مكتبة كلية العلوم الطبية التطبيقية بالمجمعة - طالبات (AMF) 2013-03-10 كتاب Dewey Decimal Classification  
  2013-03-10     615.50724 H A C 2012-05-19 مكتبة كلية العلوم الطبية التطبيقية بالمجمعة - طالبات (AMF) 00086880 مكتبة كلية العلوم الطبية التطبيقية بالمجمعة - طالبات (AMF) 2013-03-10 كتاب Dewey Decimal Classification  
  2013-03-10     615.50724 H A C 2012-05-19 مكتبة كلية العلوم الطبية التطبيقية بالمجمعة - طالبات (AMF) 00086881 مكتبة كلية العلوم الطبية التطبيقية بالمجمعة - طالبات (AMF) 2013-03-10 كتاب Dewey Decimal Classification  
  2013-03-10     615.50724 H A C 2012-05-19 مكتبة كلية العلوم الطبية التطبيقية بالمجمعة - طالبات (AMF) 00086882 مكتبة كلية العلوم الطبية التطبيقية بالمجمعة - طالبات (AMF) 2013-03-10 كتاب Dewey Decimal Classification